| 000 | 00589cam a2200205 4500500 | ||
|---|---|---|---|
| 005 | 20260329002810.0 | ||
| 041 | _afre | ||
| 042 | _adc | ||
| 100 | 1 | 0 |
_aRazon, Boris _eauthor |
| 245 | 0 | 0 | _aL’enfer, c’est le pur esprit! |
| 260 | _c2013. | ||
| 500 | _a72 | ||
| 690 | _aBoris Razon | ||
| 690 | _aCorps | ||
| 690 | _aPalladium | ||
| 690 | _aParalysie | ||
| 690 | _aSensations | ||
| 786 | 0 | _nPhilosophie magazine | 74 | 11 | 2013-11-01 | p. 27-27 | 1951-1787 | |
| 856 | 4 | 1 | _uhttps://shs.cairn.info/magazine-philosophie-magazine-2013-11-page-27?lang=fr&redirect-ssocas=7080 |
| 999 |
_c1818490 _d1818490 |
||